00945 a2200169 4500003000500000005001700005040000900022082001400031100002800045245004200073260004300115300001100158505044100169942002300610999001900633952012300652NUST20230102174501.0 cNust a371.8,ADA aAdams, Sir John9106654 aThe students guide /bThe E.U.P Books aLondonbHodder and stoughton ltdc1945 a251,p; aTaking Oneself in hand (Page-9), Plan of Campaign (Page-36), Manipulation of the memory (Page-56), Nature of Study and Thinking (Page-76), Method of Study (Page-98), The Technique of Study Reading (Page-133), The Use of Tex-Book (Page-153), The Use of Book of Reference (Page-162), The Art of Listening (Page-182), Note-Making (Page-190), Constructive Study in Translation (Page-206), Essay-Writing (Page-216), Examinations (Page-227).  2ddccBKk371.8,ADA c193925d193925 00102ddc4070aMCSbMCScGENd2016-12-12o371.8,ADApMCS29984r2016-12-08w2016-12-12yBKzAlmirah No.54, Shelf No.3